[Event "Warsaw Najdorf Memorial op-B"]
[Site "Warsaw"]
[Date "2023.07.11"]
[Round "1"]
[White "Pires, Emanuel Joao Robart"]
[Black "Grzadka, Artur"]
[Result "1-0"]
[WhiteElo "1994"]
[BlackElo "1742"]
[PlyCount "121"]
[EventDate "2023.07.11"]
[EventType "swiss"]
[EventRounds "9"]
[EventCountry "POL"]
[SourceTitle "EXT 2024"]
[Source "ChessBase"]
[SourceDate "2023.10.10"]
[SourceVersion "1"]
[SourceVersionDate "2023.10.10"]
[SourceQuality "1"]

1. e4 c6 2. Bc4 d5 3. Bb3 dxe4 4. Qh5 g6 5. Qh4 a5 6. Nc3 Bg7 7. f3 exf3 8. Nxf3 Nh6 9. 0-0 0-0 10. d3 Nf5 11. Qf4 h6 12. a3 Nd7 13. Kh1 e5 14. Qd2 Nc5 15. Ba2 Ne6 16. Qf2 Qc7 17. Re1 Bd7 18. Bd2 Ned4 19. Rac1 Be6 20. Bxe6 Nxe6 21. Ne4 Rae8 22. Bc3 Nfd4 23. Ned2 b5 24. Qg3 Nf4 25. Nxd4 exd4 26. Bxa5 Qxa5 27. Qxf4 g5 28. Qf2 Be5 29. Rcd1 Qc7 30. Ne4 f5 31. Nc5 Qe7 32. b4 Qd6 33. Qe2 g4 34. Qf2 g3 35. Qf3 gxh2 36. Qh5 Kh7 37. Re2 Re7 38. Rde1 Qf6 39. Nd7 Rxd7 40. Rxe5 Qg5 41. Qf3 Rf6 42. Re6 Rd5 43. Rxc6 Rxc6 44. Qxd5 Rg6 45. Rf1 Qg3 46. Rxf5 Qe1+ 47. Kxh2 Qh4+ 48. Kg1 Qe1+ 49. Rf1 Qe3+ 50. Kh1 Rg5 51. Qf7+ Rg7 52. Qf5+ Kh8 53. Qd5 Qg3 54. Rf8+ Kh7 55. Qe4+ Qg6 56. Qxg6+ Kxg6 57. Rb8 Kf5 58. Rxb5+ Kf4 59. a4 Rc7 60. Rc5 Re7 61. Kh2 1-0

[Event "Polanica Zdroj op-B 58th"]
[Site "Polanica Zdroj"]
[Date "2022.08.13"]
[Round "1"]
[White "Oglaza, Dawid"]
[Black "Grzadka, Artur"]
[Result "1-0"]
[WhiteElo "1558"]
[BlackElo "1720"]
[PlyCount "81"]
[EventDate "2022.08.13"]
[EventType "swiss"]
[EventRounds "9"]
[EventCountry "POL"]
[SourceTitle "CBM 210 Extra"]
[Source "ChessBase"]
[SourceDate "2022.11.30"]
[SourceVersion "1"]
[SourceVersionDate "2022.11.30"]
[SourceQuality "1"]

1. e4 c6 2. d4 d5 3. Nc3 dxe4 4. Nxe4 Nf6 5. Nxf6+ exf6 6. Be3 Bd6 7. Bd3 0-0 8. Ne2 Re8 9. 0-0 Nd7 10. Qd2 Nf8 11. c4 Bc7 12. Ng3 Qd6 13. Rfe1 h5 14. f4 g6 15. Ne4 Qd8 16. Qc3 f5 17. Nd2 Ne6 18. g3 Rb8 19. a4 b6 20. Nf3 a5 21. Rad1 Bd6 22. c5 Bf8 23. Ne5 Bb7 24. Bc4 Qc8 25. Bf2 Ba8 26. Nxg6 fxg6 27. Rxe6 Rxe6 28. Re1 Kh7 29. Bxe6 Qd8 30. b3 bxc5 31. dxc5 Bg7 32. Qc2 Qf6 33. Bc4 Rd8 34. Rd1 Re8 35. Qd2 Qc3 36. Qd7 Re4 37. Bd3 Rb4 38. Bc4 Rb7 39. Qd8 Qc2 40. Rf1 Ra7 41. Qb8 1-0

[Event "Krakow Malopolski op"]
[Site "Krakow"]
[Date "2022.06.16"]
[Round "1"]
[White "Grzadka, Artur"]
[Black "Paprocki, Antoni"]
[Result "0-1"]
[WhiteElo "1786"]
[BlackElo "1949"]
[PlyCount "80"]
[EventDate "2022.06.16"]
[EventType "swiss"]
[EventRounds "7"]
[EventCountry "POL"]
[SourceTitle "EXT 2023"]
[Source "ChessBase"]
[SourceDate "2022.10.05"]
[SourceVersion "1"]
[SourceVersionDate "2022.10.05"]
[SourceQuality "1"]

1. d4 Nf6 2. c4 e6 3. Nf3 d5 4. Nc3 Bb4 5. Qa4+ Nc6 6. cxd5 exd5 7. Bg5 h6 8. Bxf6 Qxf6 9. e3 0-0 10. Bd3 Rd8 11. 0-0 a5 12. a3 Bf8 13. Qb5 Qd6 14. Rfe1 Bg4 15. Nd2 Ne7 16. h3 c6 17. Qb3 Bf5 18. Qc2 g6 19. Nf3 Bg7 20. Na4 Bxd3 21. Qxd3 Nf5 22. Nc5 Qe7 23. Qc3 b6 24. Na4 Qb7 25. Rec1 c5 26. Qb3 cxd4 27. Nxd4 Nxd4 28. exd4 Bxd4 29. Rd1 Bg7 30. Qxb6 Qd7 31. Nc3 d4 32. Ne4 Qf5 33. Ng3 Qd5 34. b4 d3 35. Rac1 Bd4 36. Qc6 Qa2 37. Qf3 Qxa3 38. bxa5 Rxa5 39. Rc7 Qb3 40. Nf1 Rf5 0-1

[Event "Zagnansk op"]
[Site "Zagnansk"]
[Date "2022.05.04"]
[Round "6"]
[White "Sliwerski, Radoslaw"]
[Black "Grzadka, Artur"]
[Result "1-0"]
[WhiteElo "1990"]
[BlackElo "1718"]
[PlyCount "115"]
[EventDate "2022.04.29"]
[EventType "swiss"]
[EventRounds "9"]
[EventCountry "POL"]
[SourceTitle "CBM 208 Extra"]
[Source "ChessBase"]
[SourceDate "2022.07.31"]
[SourceVersion "1"]
[SourceVersionDate "2022.07.31"]
[SourceQuality "1"]

1. d4 Nf6 2. c4 g6 3. g3 Bg7 4. Bg2 0-0 5. Nf3 c6 6. Nc3 d5 7. Qb3 dxc4 8. Qxc4 Bf5 9. 0-0 Nbd7 10. Rd1 Rc8 11. Ne1 b5 12. Qb3 Be6 13. Qc2 Nb6 14. e4 b4 15. Na4 Nxa4 16. Qxa4 a5 17. h3 Bc4 18. Qc2 Bb5 19. Be3 Nd7 20. Nd3 Qb6 21. Rac1 Qa6 22. b3 Rfd8 23. Nc5 Nxc5 24. Qxc5 e6 25. Bg5 f6 26. Be3 Bf8 27. Qc2 Kf7 28. h4 a4 29. f4 a3 30. f5 exf5 31. exf5 Bd6 32. Qf2 Bd3 33. Bf1 Bxf1 34. Rxf1 Be7 35. fxg6+ hxg6 36. Bg5 f5 37. Bxe7 Kxe7 38. Qe1+ Kf6 39. Qxb4 Qd3 40. Rc3 Qxd4+ 41. Qxd4+ Rxd4 42. Rf2 Ke6 43. Rfc2 c5 44. Rc4 Kd5 45. Kf2 Rxc4 46. Rxc4 Ra8 47. Kf3 Ra6 48. Kf4 Re6 49. Ra4 Re4+ 50. Rxe4 fxe4 51. Ke3 c4 52. b4 c3 53. g4 c2 54. Kd2 Kd4 55. b5 c1Q+ 56. Kxc1 Ke3 57. b6 Kf2 58. b7 1-0

[Event "Zagnansk op"]
[Site "Zagnansk"]
[Date "2022.05.01"]
[Round "3"]
[White "Grzadka, Artur"]
[Black "Kaczmarek, Arkadiusz"]
[Result "1/2-1/2"]
[WhiteElo "1718"]
[BlackElo "2128"]
[PlyCount "41"]
[EventDate "2022.04.29"]
[EventType "swiss"]
[EventRounds "9"]
[EventCountry "POL"]
[SourceTitle "CBM 208 Extra"]
[Source "ChessBase"]
[SourceDate "2022.07.31"]
[SourceVersion "1"]
[SourceVersionDate "2022.07.31"]
[SourceQuality "1"]

1. d4 d5 2. c4 c6 3. cxd5 cxd5 4. Bf4 Nc6 5. e3 Nf6 6. Nc3 Bg4 7. Nf3 a6 8. Rc1 Rc8 9. Be2 Bxf3 10. Bxf3 e6 11. 0-0 Bd6 12. Bxd6 Qxd6 13. e4 dxe4 14. Nxe4 Nxe4 15. Bxe4 0-0 16. d5 exd5 17. Bxd5 Qf6 18. Bxc6 Rxc6 19. Rxc6 Qxc6 20. Qb3 h6 21. h3 1/2-1/2

[Event "POL-ch U16"]
[Site "Sypniewo"]
[Date "2022.03.25"]
[Round "7"]
[White "Kusiak, Mateusz"]
[Black "Grzadka, Artur"]
[Result "1-0"]
[WhiteElo "1715"]
[BlackElo "1710"]
[PlyCount "59"]
[EventDate "2022.03.19"]
[EventType "swiss"]
[EventRounds "9"]
[EventCountry "POL"]
[SourceTitle "CBM 207 Extra"]
[Source "ChessBase"]
[SourceDate "2022.05.31"]
[SourceVersion "1"]
[SourceVersionDate "2022.05.31"]
[SourceQuality "1"]

1. e4 c6 2. d4 d5 3. e5 Bf5 4. h4 h6 5. g4 Bd7 6. f4 e6 7. Bd3 c5 8. c3 Qb6 9. Nf3 Nc6 10. dxc5 Bxc5 11. Nbd2 Bf2+ 12. Kf1 Bg3 13. Qe2 Bxf4 14. Kg2 Nge7 15. Bc2 h5 16. Nc4 dxc4 17. Bxf4 0-0-0 18. Ng5 Be8 19. Ne4 Nd5 20. Bg5 Nce7 21. Nd6+ Kb8 22. Nxc4 Qc6 23. Be4 f6 24. exf6 gxf6 25. Bxf6 Nf4+ 26. Kf2 Qc5+ 27. Qe3 Qxe3+ 28. Nxe3 Rd2+ 29. Kf3 hxg4+ 30. Nxg4 1-0

[Event "POL-ch U16"]
[Site "Sypniewo"]
[Date "2022.03.24"]
[Round "6"]
[White "Bajer, Tomasz"]
[Black "Grzadka, Artur"]
[Result "0-1"]
[WhiteElo "1460"]
[BlackElo "1710"]
[PlyCount "126"]
[EventDate "2022.03.19"]
[EventType "swiss"]
[EventRounds "9"]
[EventCountry "POL"]
[SourceTitle "CBM 207 Extra"]
[Source "ChessBase"]
[SourceDate "2022.05.31"]
[SourceVersion "1"]
[SourceVersionDate "2022.05.31"]
[SourceQuality "1"]

1. Nf3 Nf6 2. g3 d5 3. Bg2 Bf5 4. 0-0 e6 5. d3 h6 6. Nbd2 Be7 7. c4 c6 8. a3 a5 9. Rb1 0-0 10. b4 axb4 11. axb4 Nbd7 12. Bb2 Nb6 13. Qc2 Bh7 14. Bd4 Nfd7 15. c5 Nc8 16. b5 Na7 17. bxc6 bxc6 18. Nb3 Nb5 19. Bb2 Qc7 20. Ra1 e5 21. Nfd2 Kh8 22. e4 d4 23. f4 Rxa1 24. Bxa1 f6 25. Bh3 Bg8 26. Bxd7 Qxd7 27. fxe5 fxe5 28. Rxf8 Bxf8 29. Bb2 Be7 30. Nc4 Qe6 31. Kg2 Qf6 32. Na3 Nc7 33. Na5 Ne6 34. Nxc6 Ng5 35. Nxd4 exd4 36. Qf2 Qxf2+ 37. Kxf2 Bxc5 38. Nb5 Ne6 39. Kf3 Bf7 40. Kg4 g6 41. Kf3 Be8 42. Na3 Ng5+ 43. Kf2 Ba4 44. Ke2 Nf7 45. Nc4 Bb5 46. Na3 Bxa3 47. Bxa3 Ne5 48. Bb2 Bxd3+ 49. Kd2 Nc4+ 50. Kxd3 Nxb2+ 51. Kxd4 Kg7 52. Kd5 Kf7 53. Kd6 Nc4+ 54. Kd5 Ne3+ 55. Kd6 Nf1 56. e5 Nxh2 57. Kd7 Ng4 58. e6+ Kg7 59. e7 Nf6+ 60. Ke6 Ne8 61. g4 g5 62. Ke5 Kf7 63. Kf5 Ng7+ 0-1

[Event "POL-ch U16"]
[Site "Sypniewo"]
[Date "2022.03.21"]
[Round "3"]
[White "Bancarewicz, Aleks"]
[Black "Grzadka, Artur"]
[Result "0-1"]
[WhiteElo "1870"]
[BlackElo "1710"]
[PlyCount "132"]
[EventDate "2022.03.19"]
[EventType "swiss"]
[EventRounds "9"]
[EventCountry "POL"]
[SourceTitle "CBM 207 Extra"]
[Source "ChessBase"]
[SourceDate "2022.05.31"]
[SourceVersion "1"]
[SourceVersionDate "2022.05.31"]
[SourceQuality "1"]

1. e4 c6 2. d4 d5 3. Nc3 dxe4 4. Nxe4 Nf6 5. Nxf6+ exf6 6. Bc4 Na6 7. h3 Be7 8. Nf3 0-0 9. 0-0 Nc7 10. Bf4 Nd5 11. Bh2 Bd6 12. Bxd6 Qxd6 13. Bxd5 Qxd5 14. Re1 Bf5 15. Qe2 b5 16. a4 b4 17. a5 h6 18. a6 Be6 19. Ra4 Rab8 20. Rea1 Rb5 21. Qe3 Re8 22. Qf4 Re7 23. Qd2 Qd6 24. c3 bxc3 25. bxc3 Bb3 26. Ra5 Bc4 27. Rxb5 cxb5 28. Re1 Rxe1+ 29. Qxe1 Qxa6 30. Qe8+ Kh7 31. Qe4+ g6 32. Qe7 Bd5 33. Qc5 Qb7 34. Ne1 a5 35. Nd3 Bxg2 36. Nf4 Be4 37. d5 g5 38. Qd4 gxf4 39. Qxe4+ Kg7 40. c4 bxc4 41. Qxc4 Qb4 42. Qe2 Qb1+ 43. Kh2 Qf5 44. d6 f3 45. Qe3 a4 46. Kg3 h5 47. Qd4 a3 48. d7 h4+ 49. Kh2 Qg5 50. Qg4 Qxg4 51. hxg4 a2 52. d8Q a1Q 53. Qd3 Qe5+ 54. Kh3 Qe2 55. Qd4 Qf1+ 56. Kxh4 Qg2 57. g5 Qxg5+ 58. Kh3 Kg6 59. Qd8 Qg2+ 60. Kh4 Qxf2+ 61. Kg4 Qg2+ 62. Kf4 Kg7 63. Qa8 Qh2+ 64. Ke3 Qg1+ 65. Kxf3 Qh1+ 66. Kf2 Qxa8 0-1

[Event "POL-ch U14"]
[Site "Uniejow"]
[Date "2021.07.22"]
[Round "6"]
[White "Grzadka, Artur"]
[Black "Kazmierowski, Tymon"]
[Result "1/2-1/2"]
[WhiteElo "1536"]
[BlackElo "1782"]
[PlyCount "60"]
[EventDate "2021.07.18"]
[EventType "swiss"]
[EventRounds "9"]
[EventCountry "POL"]
[SourceTitle "EXT 2022"]
[Source "ChessBase"]
[SourceDate "2021.10.06"]
[SourceVersion "1"]
[SourceVersionDate "2021.10.06"]
[SourceQuality "1"]

1. d4 Nf6 2. c4 e6 3. Nf3 d5 4. Nc3 Bb4 5. Qc2 0-0 6. cxd5 exd5 7. Bg5 Be6 8. e3 Nbd7 9. Bd3 h6 10. Bf4 c6 11. 0-0 Rc8 12. Na4 Be7 13. Nc5 Nxc5 14. dxc5 Qa5 15. Rfc1 Nd7 16. b4 Qxb4 17. Rab1 Qxc5 18. Rxb7 Qxc2 19. Bxc2 Bf6 20. Ba4 Nb6 21. Rxa7 Nxa4 22. Rxa4 Ra8 23. Rxa8 Rxa8 24. Rxc6 Rxa2 25. h3 Kh7 26. Rc1 Ra4 27. Be5 Bxe5 28. Nxe5 d4 29. exd4 Rxd4 30. Rc7 f6 1/2-1/2

[Event "POL-ch U14"]
[Site "Uniejow"]
[Date "2021.07.20"]
[Round "2"]
[White "Grzadka, Artur"]
[Black "Grot, Blazej"]
[Result "1/2-1/2"]
[WhiteElo "1536"]
[BlackElo "1786"]
[PlyCount "39"]
[EventDate "2021.07.18"]
[EventType "swiss"]
[EventRounds "9"]
[EventCountry "POL"]
[SourceTitle "EXT 2022"]
[Source "ChessBase"]
[SourceDate "2021.10.06"]
[SourceVersion "1"]
[SourceVersionDate "2021.10.06"]
[SourceQuality "1"]

1. e4 e5 2. Nf3 Nc6 3. Bc4 Nf6 4. Ng5 d5 5. exd5 Na5 6. Bb5+ c6 7. dxc6 bxc6 8. Be2 h6 9. Nf3 e4 10. Ne5 Qd4 11. Ng4 Bxg4 12. Bxg4 Bc5 13. 0-0 h5 14. c3 Qd6 15. Be2 Ng4 16. g3 h4 17. d4 exd3 18. Qxd3 Qxd3 19. Bxd3 Rd8 20. Be2 1/2-1/2

[Event "Warsaw Najdorf Memorial op-B"]
[Site "Warsaw"]
[Date "2021.07.16"]
[Round "7"]
[White "Kozak, Jan"]
[Black "Grzadka, Artur"]
[Result "1/2-1/2"]
[WhiteElo "1285"]
[BlackElo "1536"]
[PlyCount "121"]
[EventDate "2021.07.10"]
[EventType "swiss"]
[EventRounds "9"]
[EventCountry "POL"]
[SourceTitle "EXT 2022"]
[Source "ChessBase"]
[SourceDate "2021.10.06"]
[SourceVersion "1"]
[SourceVersionDate "2021.10.06"]
[SourceQuality "1"]

1. f4 d5 2. Nf3 g6 3. g3 Bg7 4. Bg2 Nh6 5. d3 d4 6. c3 c5 7. 0-0 0-0 8. e4 dxe3 9. Bxe3 Qc7 10. Na3 Ng4 11. Qe2 a6 12. Ng5 e5 13. Nc4 Nxe3 14. Qxe3 Nd7 15. fxe5 Nxe5 16. Nxe5 Bxe5 17. Rxf7 Rxf7 18. Bd5 Qd6 19. Bxf7+ Kg7 20. Ne4 Qe7 21. Rf1 Bf5 22. Bd5 Rd8 23. Bb3 b6 24. Qg5 Qxg5 25. Nxg5 Rxd3 26. Bc2 Rd5 27. Bxf5 gxf5 28. Ne6+ Kf6 29. Nf4 Rd2 30. Rf2 Bxf4 31. gxf4 Rd1+ 32. Kg2 Rd8 33. Re2 c4 34. Kf3 b5 35. h3 h6 36. h4 h5 37. Kf2 Rg8 38. Kf3 Rg4 39. Rh2 Rg1 40. Ke3 Rg3+ 41. Kf2 Rd3 42. Ke2 Rg3 43. Kf2 Rg4 44. Kf3 Rg1 45. Ke3 Ra1 46. a3 Re1+ 47. Kd2 Rb1 48. Ke3 Re1+ 49. Kd2 Re4 50. Rf2 Ke6 51. Re2 Rxe2+ 52. Kxe2 Kd5 53. Ke3 a5 54. Kf3 Kc5 55. Ke3 Kd5 56. Kf3 Kc6 57. Ke3 Kc5 58. Kf3 b4 59. a4 Kd5 60. Ke3 bxc3 61. bxc3 1/2-1/2

[Event "Rubinstein Memorial-C 55th"]
[Site "Polanica Zdroj"]
[Date "2019.08.22"]
[Round "6"]
[White "Simon, Marek"]
[Black "Grzadka, Artur"]
[Result "1/2-1/2"]
[WhiteElo "1879"]
[BlackElo "1512"]
[PlyCount "36"]
[EventDate "2019.08.17"]
[EventType "swiss"]
[EventRounds "9"]
[EventCountry "POL"]
[SourceTitle "EXT 2020"]
[Source "ChessBase"]
[SourceDate "2019.10.17"]
[SourceVersion "1"]
[SourceVersionDate "2019.10.17"]
[SourceQuality "1"]

1. d4 Nf6 2. c4 g6 3. Nc3 d5 4. cxd5 Nxd5 5. e4 Nxc3 6. bxc3 Bg7 7. Be3 0-0 8. Qd2 c5 9. Rc1 Qa5 10. Bh6 Bxh6 11. Qxh6 cxd4 12. Nf3 dxc3 13. Ng5 c2+ 14. Ke2 Qa6+ 15. Ke3 Qb6+ 16. Ke2 Qa6+ 17. Ke3 Qb6+ 18. Ke2 Qa6+ 1/2-1/2

[Event "Rubinstein Memorial-C 55th"]
[Site "Polanica Zdroj"]
[Date "2019.08.20"]
[Round "4"]
[White "Jakubiak, Karol"]
[Black "Grzadka, Artur"]
[Result "1-0"]
[WhiteElo "1665"]
[BlackElo "1512"]
[PlyCount "55"]
[EventDate "2019.08.17"]
[EventType "swiss"]
[EventRounds "9"]
[EventCountry "POL"]
[SourceTitle "EXT 2020"]
[Source "ChessBase"]
[SourceDate "2019.10.17"]
[SourceVersion "1"]
[SourceVersionDate "2019.10.17"]
[SourceQuality "1"]

1. e4 c5 2. Nf3 d6 3. Nc3 a6 4. d4 cxd4 5. Nxd4 e5 6. Be2 Nf6 7. Nb3 Be7 8. Be3 Be6 9. 0-0 0-0 10. f4 Qc7 11. f5 Bc4 12. Bxc4 Qxc4 13. Qf3 Nbd7 14. g4 Rac8 15. g5 Ne8 16. Na5 Qc7 17. Nd5 Qxa5 18. Nxe7+ Kh8 19. Nxc8 Qd8 20. Na7 Qc7 21. Qe2 Nb8 22. Rf3 b6 23. Rh3 Qxa7 24. Qh5 h6 25. f6 Qb7 26. fxg7+ Nxg7 27. Qxh6+ Kg8 28. Qh7# 1-0

[Event "Mazowiec-chT op 1819"]
[Site "Warsaw"]
[Date "2019.01.13"]
[Round "6.7"]
[White "Jozwik, Michal"]
[Black "Grzadka, Artur"]
[Result "0-1"]
[WhiteElo "1386"]
[BlackElo "1424"]
[PlyCount "46"]
[EventDate "2018.12.02"]
[EventType "team-swiss"]
[EventRounds "10"]
[EventCountry "POL"]
[SourceTitle "EXT 2020"]
[Source "ChessBase"]
[SourceDate "2019.10.17"]
[SourceVersion "1"]
[SourceVersionDate "2019.10.17"]
[SourceQuality "1"]

1. e4 c6 2. d4 d5 3. exd5 cxd5 4. c4 Nf6 5. Nc3 e6 6. Nf3 Bb4 7. Bg5 Qa5 8. Bxf6 Bxc3+ 9. bxc3 Qxc3+ 10. Nd2 gxf6 11. cxd5 Qxd4 12. Rc1 0-0 13. Rc4 Qe5+ 14. Re4 Qxd5 15. Bc4 Qc6 16. Rg4+ Kh8 17. 0-0 e5 18. Rh4 Bf5 19. Qh5 Bg6 20. Qh6 Rg8 21. Bxf7 Qxg2+ 22. Kxg2 Be4+ 23. Kh3 Bg2# 0-1

[Event "Mazowiec-chT 1819"]
[Site "Warsaw"]
[Date "2018.12.02"]
[Round "1.4"]
[White "Sacharewicz, Krzysztof"]
[Black "Grzadka, Artur"]
[Result "1-0"]
[WhiteElo "1833"]
[BlackElo "1424"]
[PlyCount "73"]
[EventDate "2018.12.02"]
[EventType "team-tourn"]
[EventRounds "7"]
[EventCountry "POL"]
[SourceTitle "EXT 2020"]
[Source "ChessBase"]
[SourceDate "2019.10.17"]
[SourceVersion "1"]
[SourceVersionDate "2019.10.17"]
[SourceQuality "1"]

1. e4 c5 2. Nf3 Nc6 3. c3 g6 4. d4 cxd4 5. cxd4 d5 6. exd5 Qxd5 7. Nc3 Qd8 8. d5 Nb8 9. Bb5+ Bd7 10. Bc4 Bg7 11. Qb3 Qc8 12. 0-0 Nf6 13. d6 e6 14. Nb5 Na6 15. Be3 b6 16. Rac1 Qb7 17. Ne5 0-0 18. Be2 Ne4 19. Nxd7 Qxd7 20. Bf3 Nec5 21. Bxc5 Nxc5 22. Qc4 Rac8 23. b4 Na6 24. Bc6 Rxc6 25. Qxc6 Qxc6 26. Rxc6 Nxb4 27. Rc7 a6 28. Na7 Be5 29. Rd1 Nxa2 30. Nc6 Bf6 31. d7 Nc3 32. Rd3 Nd5 33. Rc8 Ne7 34. Rxf8+ Kxf8 35. d8Q+ Kg7 36. Nxe7 Bxe7 37. Qxe7 1-0

[Event "POL-chT U20 2nd League"]
[Site "Szczyrk"]
[Date "2017.07.27"]
[Round "8.10"]
[White "Grzadka, Artur"]
[Black "Krawczyk, Wojciech"]
[Result "1-0"]
[WhiteElo "1259"]
[BlackElo "1635"]
[PlyCount "123"]
[EventDate "2017.07.22"]
[EventType "team-swiss"]
[EventRounds "11"]
[EventCountry "POL"]
[SourceTitle "EXT 2019"]
[Source "ChessBase"]
[SourceDate "2018.10.10"]
[SourceVersion "1"]
[SourceVersionDate "2018.10.10"]
[SourceQuality "1"]

1. e4 d6 2. d4 Nf6 3. Nc3 g6 4. Nf3 Bg7 5. Be3 c6 6. Qd2 Bg4 7. Be2 b5 8. a3 a6 9. h3 Be6 10. Ng5 Qc8 11. e5 dxe5 12. dxe5 Nd5 13. Nxe6 Qxe6 14. 0-0-0 0-0 15. Nxd5 Qxd5 16. Qxd5 cxd5 17. Rxd5 e6 18. Rd3 Nc6 19. f4 Rac8 20. h4 Ne7 21. g4 Nd5 22. Bd2 Rc5 23. Bf3 Rfc8 24. c3 a5 25. Bxd5 Rxd5 26. Rxd5 exd5 27. Rh3 d4 28. Kb1 dxc3 29. Rxc3 Rd8 30. Rc2 a4 31. Bb4 Bf8 32. Bxf8 Kxf8 33. Rc5 b4 34. axb4 Rd4 35. b5 Rxf4 36. b6 Rb4 37. Rc8+ Kg7 38. Rb8 Rxg4 39. b7 Rb4 40. Ka2 Rb3 41. Ra8 Rxb7 42. Rxa4 h6 43. b4 Rb5 44. Kb3 Rxe5 45. Ra5 Re4 46. b5 Re1 47. Kc4 g5 48. b6 Re6 49. b7 Rb6 50. Rb5 Rxb7 51. Rxb7 gxh4 52. Kd3 Kg6 53. Ke2 f5 54. Kf3 Kg5 55. Rg7+ Kh5 56. Rg1 h3 57. Kg3 h2 58. Rh1 Kg5 59. Rxh2 h5 60. Kf3 h4 61. Rh3 f4 62. Rh1 1-0

[Event "Mazowiec-chT op 1617"]
[Site "Warsaw"]
[Date "2017.01.08"]
[Round "3.3"]
[White "Stepien, Pawel"]
[Black "Grzadka, Artur"]
[Result "1/2-1/2"]
[WhiteElo "1452"]
[BlackElo "1233"]
[PlyCount "104"]
[EventDate "2016.12.11"]
[EventType "team-swiss"]
[EventRounds "10"]
[EventCountry "POL"]
[SourceTitle "EXT 2019"]
[Source "ChessBase"]
[SourceDate "2018.10.10"]
[SourceVersion "1"]
[SourceVersionDate "2018.10.10"]
[SourceQuality "1"]

1. e4 c5 2. c3 d6 3. Nf3 Nf6 4. Bb5+ Bd7 5. Bxd7+ Nbxd7 6. d3 g6 7. Be3 Bg7 8. h3 c4 9. dxc4 Nxe4 10. Nbd2 Nec5 11. 0-0 0-0 12. Qc2 Qc7 13. Bd4 e5 14. Be3 f5 15. Bxc5 Nxc5 16. Rad1 Ne6 17. Rfe1 Nc5 18. b4 Nd7 19. Qb3 Kh8 20. Ng5 Rae8 21. c5 Rf6 22. Nf7+ Rxf7 23. Qxf7 Rf8 24. cxd6 Qxd6 25. Qb3 Qc6 26. Nf3 e4 27. Ng5 Ne5 28. Ne6 Re8 29. Nxg7 Kxg7 30. Rd5 Nd3 31. b5 Qc8 32. Rd1 Qc7 33. c4 Ne5 34. Qc3 Kg8 35. Qg3 Qg7 36. c5 Nd3 37. R5xd3 exd3 38. Qxd3 Re7 39. Qd8+ Qf8 40. Qa5 Re2 41. Qxa7 Qe7 42. c6 Re1+ 43. Rxe1 Qxe1+ 44. Kh2 Qe5+ 45. g3 f4 46. Qa8+ Kg7 47. Qxb7+ Kh6 48. c7 Qe2 49. c8Q Qxf2+ 50. Qg2 fxg3+ 51. Kh1 Qe1+ 52. Qg1 Qe4+ 1/2-1/2